000 00823nas a2200277 4500
001 BR9703320
003 BR-BrBNA
005 20231205100352.0
007 ta
008 230509b bl.|||p| |||| 00| 00por d
040 _aBR-BrBNA
_bpor
_cBiblioteca Nacional de Agricultura
041 _a(Pt)
072 _aC30
100 1 _aMeira, C.A.A.
100 1 _aMancini, A.L.
100 1 _aMaximo, F.A.
100 1 _aFileto, R.
100 1 _aMassruha, S.M.F.S.
245 1 _aAgroinformatica: qualidade e produtividade na agricultura
650 _aComputador
650 _aProcessamento da Informacao
650 _aAgricultura
773 0 _tCadernos de Ciencia e Tecnologia (Brazil)
_xISSN 0104-1096
_g(Mar-Aug 1996), v. 13(2) p. 175-194
_wBR9703320
909 _a202311
_bLúcia
_c55
_dLúcia Elande
942 _2AGRIS
_n0
_cANA
999 _c155624
_d155624